000 00300nam a2200109Ia 4500
008 171211s9999 xx 000 0 und d
245 _aFinal Fantasy IX Official Strategy Guide
245 _cDan Birlew
260 _c2000
650 _xGAMES
856 _uhttp://down.ebook777.com/056/9780744000412.pdf
999 _c348917
_d348917